000 00645nam a2200193Ii 4500
003 JO-AjNU
008 230605s9999||||xx |||||||||||||| ||und||
040 _aJO-AjNU
_bara
_erda
_cJO-AjNU
041 _aara
050 1 4 _aBJ1291.1990
100 3 _aالسلمي،ابي عبد الرحمن ، بديوي،يوسف علي/تحقيق وتعليق,
_eauthor
_920285
245 0 0 _aآداب الصحبة
264 3 1 _aدمشق:دار الكتاب العربي ،1990
300 _a160ص
336 _atext
_btxt
_2rdacontent
337 _aunmediated
_bn
_2rdamedia
338 _avolume
_bnc
_2rdacarrier
650 4 _aاخلاق اسلامية
_920286
999 _aA6847
_c10415
_d10415